000 00241 a2200109 4500
020 _a9788485034826
041 _aspa
100 _aM.Victoria Molins
245 _aVeinte Canciones desesperadas y un poema de Amor
942 _cBK
952 _71
999 _c24489
_d24489